| 000 | 00356nam a2200157Ia 4500 | ||
|---|---|---|---|
| 100 | _aFadia/Ankit | ||
| 650 | _aData security | ||
| 942 | _cBK | ||
| 366 | _f20 | ||
| 654 | _aencryption | ||
| 245 | _aEncryption:Protecting your data | ||
| 260 |
_bVikas Publishing House _aMumbai _c2007 |
||
| 082 |
_a005.82/FAD _bFAD |
||
| 300 | _a284 | ||
| 546 | _aENGLISH | ||
| 999 |
_c29456 _d29456 |
||